00693 a2200193 4500003000500000005001700005020001800022040000900040082001000049100001500059245008000074250001800154260004900172300001800221505012900239942001200368999001900380952010000399Nust20170207154204.0 a0-521-20634-0 cNust04a421.51 aTrim, John00aEnglish pronunciation illustrated /cJohn Trim ; drawings by Peter Kneebone a2. ed., repr. aCambridge :bCambridge U.P.,c1975, pr. 1977 a96 s. :bill. aPower Vowels (Page-14) Diphthongs (Page-34) Consonants (Page-49) Comparing O and Z (Page-66-67) Word Divisions (Page-82-83) 2ddccBK c194809d194809 00102ddc40708NFICaMCSbMCSd2016-12-12l0o421.5 TRIpMCS36725r2016-12-08w2016-12-12yBK